00472nam a2200181 a 4500001001300000003000900013005001700022008004100039020000900080082001700089100001900106245004700125260002500172300000900197500003500206505001900241650003000260nice12345678IN_TiNIC20260116013303.0050524s1996 dela grp 000 0 eng  ac7500a291.172bSCO aScott, David C aRe-Visioning India`s Religious Traditions. aDelhi bISPCK c1996 a233p aincludes index and biblioraphy2 aNine Pamphlets aReconciliation-Interfaith